Plant Breeding / (Record no. 36604)

MARC details
000 -LEADER
fixed length control field 00333nam a22001337a 4500
005 - DATE AND TIME OF LATEST TRANSACTION
control field 20241002110959.0
008 - FIXED-LENGTH DATA ELEMENTS--GENERAL INFORMATION
fixed length control field 241002b |||||||| |||| 00| 0 eng d
082 ## - DEWEY DECIMAL CLASSIFICATION NUMBER
Classification number 631.52
Item number PLA
245 ## - TITLE STATEMENT
Title Plant Breeding /
Statement of responsibility, etc. Ibrar Ahmad khan, Muhammad Farooq
300 ## - PHYSICAL DESCRIPTION
Pages 325P.
650 ## - SUBJECT ADDED ENTRY--TOPICAL TERM
Subject / Department Art & Design
300 ## - PHYSICAL DESCRIPTION
-- ILL;
-- 24CM
952 ## - LOCATION AND ITEM INFORMATION (KOHA)
-- 0
-- 0
Holdings
Lost status Damaged status Collection code Permanent Location Current Location Shelving Location Date acquired Full Call Number Accession No./Barcode Date last seen item type Koha item type
    Architecture Superior Information Resource Center (SIRC) Superior University- Central Library Superior Information Resource Center (SIRC) Superior University- Central Library Art & Design 10/02/2024 631.52 PLA 29438 10/02/2024 BOOK BOOK

Powered by Koha